000 00740cam a22002413a 4500
001 1770
003 PGUSA
005 20140828083006.0
008 990601s1999||||xxu|||||s|||||000 | eng d
040 _aPGUSA
_beng
042 _adc
050 4 _aPR
100 1 _aShakespeare
_q(spurious and doubtful works),
_d1564-1616
245 1 0 _aKing Edward III
_h[electronic resource] /
_cShakespeare
260 _bProject Gutenberg,
_c1999
500 _aApocrypha
506 _aCopyrighted. Read the copyright notice inside this book for details.
516 _aElectronic text
653 _aEdward III, King of England, 1312-1377 -- Drama
830 0 _aProject Gutenberg
_v1770
856 4 0 _uhttp://www.gutenberg.org/ebooks/1770
942 _cEB
999 _c231114
_d231114